| 000 | 00578nam a22001937a 4500 | ||
|---|---|---|---|
| 003 | OSt | ||
| 005 | 20260511112003.0 | ||
| 008 | 260511b |||||||| |||| 00| 0 eng d | ||
| 020 | _a9781984694454 Pbk. Bp. | ||
| 040 |
_aMMSU _cULS |
||
| 050 | _aRT 98 S66 2025 CHS | ||
| 100 | _aSommer, Ted | ||
| 245 |
_aCommunity health nursing / _cTed Sommer. |
||
| 260 |
_aNew York, NY : _b 3G E-Learning, _c2025. |
||
| 300 |
_axx, 294 pages : _billustrations ; _c26 cm. |
||
| 504 | _aIncludes bibliographical references and index. | ||
| 650 | _aCommunity health nursing. | ||
| 942 |
_2lcc _cBK |
||
| 999 |
_c29135 _d29135 |
||